| 000 | 00554nam a2200205Ia 4500 | ||
|---|---|---|---|
| 005 | 20250508162509.0 | ||
| 008 | 008 250505s9999 xx 000 0 eng d | ||
| 020 | _a0-02-301920-4 | ||
| 037 | _aTextual | ||
| 040 |
_aFEDL _beng _cFEDL |
||
| 041 |
_aeng _2eng |
||
| 084 |
_a370.9, ALT _qFEDL |
||
| 100 | _aAltbach Philip G | ||
| 245 | 0 | _aComparative education | |
| 260 |
_aNew York, USA _bMacmillan Publishing Company _c1982 |
||
| 300 | _aix,533p. | ||
| 650 | _aEducation | ||
| 942 |
_cTEXL _h370.9, ALT |
||
| 999 |
_c1376922 _d1376922 |
||